[Event "Montcalm 4 2018-19"]
[Site "Quebec CAN"]
[Date "2019.01.24"]
[Round "3"]
[White "Perreault, Jacquelin"]
[Black "Boissinot, Claude"]
[Result "1/2-1/2"]
[WhiteElo "1756"]
[BlackElo "1493"]
[PlyCount "92"]
[EventDate "2019.01.10"]
[EventType "swiss"]
[EventRounds "5"]
[EventCountry "CAN"]

1. e4 c5 2. Nf3 Nc6 3. d4 cxd4 4. Nxd4 Nf6 5. Nc3 d6 6. Bg5 e6 7. Qd2 Be7 8.
O-O-O a6 9. f4 Qc7 10. Kb1 O-O 11. g4 Rd8 12. Nxc6 bxc6 13. Bxf6 Bxf6 14. g5
Bxc3 15. Qxc3 Bb7 16. f5 exf5 17. exf5 c5 18. Rg1 d5 19. g6 d4 20. gxh7+ Kh8
21. Qg3 Qxg3 22. Rxg3 Kxh7 23. Bc4 Bd5 24. Bxd5 Rxd5 25. Rdg1 Rxf5 26. Rxg7+
Kh6 27. b3 Rf1+ 28. Kb2 Rxg1 29. Rxg1 f5 30. Kc1 f4 31. Kd2 Re8 32. Rg4 f3 33.
Rf4 Re3 34. h4 Kh5 35. b4 cxb4 36. Rxd4 Re2+ 37. Kd1 a5 38. Rf4 Rf2 39. a3 Rf1+
40. Kd2 f2 41. axb4 axb4 42. Ke2 Rc1 43. Kxf2 Rxc2+ 44. Ke3 b3 45. Kd3 Rh2 46.
Kc3 Rxh4 1/2-1/2

[Event "Montcalm 4 2018-19"]
[Site "Quebec CAN"]
[Date "2019.01.24"]
[Round "3"]
[White "Sarra-Bournet, Marc"]
[Black "Dube, Dominic"]
[Result "0-1"]
[WhiteElo "1905"]
[BlackElo "1770"]
[PlyCount "64"]
[EventDate "2019.01.10"]
[EventType "swiss"]
[EventRounds "5"]
[EventCountry "CAN"]

1. e4 c6 2. d4 d5 3. Nc3 dxe4 4. Nxe4 Bf5 5. Qf3 e6 6. Bd3 Qxd4 7. Ne2 Bxe4 8.
Bxe4 Qb6 9. O-O Nf6 10. Bd3 Nbd7 11. Bf4 Bc5 12. a3 a5 13. b4 Be7 14. c4 axb4
15. axb4 O-O 16. b5 cxb5 17. cxb5 Nd5 18. Rxa8 Rxa8 19. Be3 Nxe3 20. fxe3 Nf6
21. Nd4 Ra3 22. Rd1 e5 23. Nf5 Bf8 24. Qg3 g6 25. Bc4 Ra4 26. Rc1 Qc7 27. b6
Qxb6 28. Qxe5 gxf5 29. Bxf7+ Kxf7 30. Rc7+ Kg6 31. Rc8 Qb1+ 32. Kf2 Ng4+ 0-1

[Event "Montcalm 4 2018-19"]
[Site "Quebec CAN"]
[Date "2019.01.24"]
[Round "3"]
[White "Sauve, Richard"]
[Black "Dube, Daniel"]
[Result "1-0"]
[WhiteElo "1810"]
[BlackElo "1843"]
[PlyCount "47"]
[EventDate "2019.01.10"]
[EventType "swiss"]
[EventRounds "5"]
[EventCountry "CAN"]

1. d4 e6 2. c4 b6 3. Nc3 Bb7 4. e4 Bb4 5. Bd3 f5 6. f3 Qh4+ 7. g3 Qh5 8. Be3
fxe4 9. Bxe4 Nc6 10. Nge2 Nf6 11. O-O Nxe4 12. fxe4 g5 13. a3 Bxc3 14. Nxc3 Qg6
15. b4 O-O-O 16. Qf3 Rdf8 17. Qxf8+ Rxf8 18. Rxf8+ Nd8 19. Raf1 d6 20. d5 exd5
21. cxd5 Qg7 22. Nb5 a6 23. Nd4 Kd7 24. Rxd8+ 1-0

[Event "Montcalm 4 2018-19"]
[Site "Quebec CAN"]
[Date "2019.01.31"]
[Round "4"]
[White "Desbiens, Raphael"]
[Black "Fecteau, Martin"]
[Result "1-0"]
[WhiteElo "2167"]
[BlackElo "1933"]
[PlyCount "59"]
[EventDate "2019.01.10"]
[EventType "swiss"]
[EventRounds "5"]
[EventCountry "CAN"]

1. e4 c5 2. Nf3 e6 3. d4 cxd4 4. Nxd4 Nf6 5. Nc3 d6 6. g4 a6 7. g5 Nfd7 8. Be3
b5 9. a3 Bb7 10. f4 Nb6 11. Qg4 N8d7 12. O-O-O Rc8 13. Nxe6 fxe6 14. Qxe6+ Qe7
15. Rxd6 Qxe6 16. Rxe6+ Kf7 17. Rxb6 Nxb6 18. Bxb6 Bxa3 19. Ba5 Bd6 20. Bh3
Bxf4+ 21. Kb1 Bxg5 22. Rf1+ Ke8 23. Rf5 Be7 24. Re5 Kf7 25. Nd5 Bd6 26. Be6+
Kg6 27. Nf4+ Kf6 28. Rf5+ Ke7 29. Rf7+ Ke8 30. Rxb7 1-0

[Event "Montcalm 4 2018-19"]
[Site "Quebec CAN"]
[Date "2019.01.31"]
[Round "4"]
[White "Dube, Daniel"]
[Black "Auger, Bertrand"]
[Result "0-1"]
[WhiteElo "1843"]
[BlackElo "1891"]
[PlyCount "130"]
[EventDate "2019.01.10"]
[EventType "swiss"]
[EventRounds "5"]
[EventCountry "CAN"]

1. d4 Nf6 2. Nf3 b6 3. g3 e6 4. Bg2 Bb7 5. O-O Be7 6. c4 O-O 7. Re1 d5 8. cxd5
Nxd5 9. Nc3 Nxc3 10. bxc3 c5 11. e4 Na6 12. a3 Rc8 13. Qb3 cxd4 14. cxd4 Bf6
15. Bb2 Rc7 16. e5 Be7 17. Nd2 Bxg2 18. Kxg2 Qa8+ 19. Kg1 Rd8 20. Rac1 Rxc1 21.
Rxc1 Bg5 22. f4 Be7 23. Qc4 Nc5 24. Qe2 Na4 25. Rc7 Bf8 26. Ba1 Qb8 27. Qc4 b5
28. Qc2 Nb6 29. Nf3 h6 30. Rc3 Nc4 31. Bb2 Qb6 32. Rd3 Qb7 33. Nd2 Nxd2 34.
Qxd2 Qd5 35. Kf2 Rc8 36. Rc3 Rc4 37. Rxc4 Qxc4 38. f5 Qd5 39. fxe6 fxe6 40. Kg1
Bc5 41. Qe3 Bb6 42. g4 a5 43. h4 a4 44. g5 hxg5 45. hxg5 g6 46. Kh2 Qb3 47. Qc3
Qxc3 48. Bxc3 Kf7 49. Kg3 Ke8 50. Kf3 Kd7 51. Ke4 Kc6 52. Bb4 Bd8 53. Bd2 Be7
54. Bc1 b4 55. axb4 Bxb4 56. Bb2 Bd2 57. Ba3 Bxg5 58. Kf3 Kd5 59. Bb2 Be7 60.
Kg4 a3 61. Ba1 Kc4 62. Kf4 Bb4 63. Kg5 Bc3 64. Kf6 Bxa1 65. Kxe6 Bxd4 0-1

[Event "Montcalm 4 2018-19"]
[Site "Quebec CAN"]
[Date "2019.01.31"]
[Round "4"]
[White "Dube, Dominic"]
[Black "Labrecque, Rejean"]
[Result "0-1"]
[WhiteElo "1770"]
[BlackElo "1857"]
[PlyCount "78"]
[EventDate "2019.01.10"]
[EventType "swiss"]
[EventRounds "5"]
[EventCountry "CAN"]

1. d4 d5 2. Nc3 Nf6 3. Bf4 c6 4. e3 Bf5 5. Bd3 Bxd3 6. Qxd3 e6 7. f3 Bd6 8.
Bxd6 Qxd6 9. Nge2 O-O 10. O-O Nbd7 11. e4 e5 12. Rad1 Rad8 13. f4 dxe4 14. Nxe4
Nxe4 15. Qxe4 exd4 16. Rxd4 Nf6 17. Qf5 Qc7 18. Rf3 Rxd4 19. Nxd4 Qb6 20. c3
Qxb2 21. Rg3 Qc1+ 22. Kf2 Qd2+ 23. Ne2 Qd6 24. h4 Qe6 25. Qxe6 fxe6 26. Ke3 c5
27. Nc1 Nd5+ 28. Ke4 Nxf4 29. Ke5 Rf6 30. Kd6 b6 31. Rg4 Nd5 32. Ra4 Nxc3 33.
Ra6 Nb5+ 34. Ke5 Rf7 35. a4 Nd4 36. Nd3 Rd7 37. Nb2 Kf7 38. Ke4 Nc6 39. Nc4
Rd4+ 0-1

[Event "Montcalm 4 2018-19"]
[Site "Quebec CAN"]
[Date "2019.01.31"]
[Round "4"]
[White "Lapierre, Gaetan"]
[Black "Cournoyer, Dominic"]
[Result "0-1"]
[WhiteElo "1741"]
[BlackElo "1973"]
[PlyCount "64"]
[EventDate "2019.01.10"]
[EventType "swiss"]
[EventRounds "5"]
[EventCountry "CAN"]

1. e4 g6 2. d4 Bg7 3. Be3 d6 4. Nc3 Nf6 5. f3 O-O 6. Qd2 Nbd7 7. h4 c5 8. dxc5
Nxc5 9. Bh6 Ne6 10. Nd5 Nxd5 11. Bxg7 Nxg7 12. exd5 Qb6 13. O-O-O Nf5 14. g4
Ng3 15. Nh3 Nxh1 16. Qh6 f6 17. Bd3 Rf7 18. Rxh1 Bd7 19. h5 g5 20. Re1 Qd8 21.
Nxg5 fxg5 22. Qxg5+ Rg7 23. Qd2 Qf8 24. h6 Rf7 25. Qg5+ Kh8 26. Qh4 Re8 27. Be4
e6 28. g5 Rf4 29. Qf2 exd5 30. Qd4+ Re5 31. g6 hxg6 32. Qc3 dxe4 0-1

[Event "Montcalm 4 2018-19"]
[Site "Quebec CAN"]
[Date "2019.01.31"]
[Round "4"]
[White "Lescarbeau, Martin"]
[Black "Boissinot, Claude"]
[Result "1-0"]
[WhiteElo "1666"]
[BlackElo "1493"]
[PlyCount "83"]
[EventDate "2019.01.10"]
[EventType "swiss"]
[EventRounds "5"]
[EventCountry "CAN"]

1. e4 c5 2. b4 cxb4 3. a3 e6 4. axb4 Bxb4 5. c3 Be7 6. d4 d6 7. Nf3 Qc7 8. Bd3
Bd7 9. O-O Nf6 10. Bd2 O-O 11. e5 dxe5 12. Nxe5 Bc6 13. f4 Nbd7 14. Qe1 Bd6 15.
Qh4 Rad8 16. Na3 a6 17. Nac4 Be7 18. Nxc6 Qxc6 19. g4 g6 20. g5 Nd5 21. Qh6
Rfe8 22. Rf3 Bf8 23. Qh4 Bg7 24. Rh3 Nf8 25. Ne5 Bxe5 26. fxe5 Ne7 27. Qg4 Qd7
28. Rf3 Nc6 29. Raf1 Re7 30. h4 Qe8 31. h5 Red7 32. hxg6 hxg6 33. Rh3 f5 34.
gxf6 Nxe5 35. Qf4 Nxd3 36. Rxd3 e5 37. dxe5 Rxd3 38. f7+ Qxf7 39. Qxf7+ Kh8 40.
Bh6 R3d7 41. Qf6+ Kg8 42. Bxf8 1-0

[Event "Montcalm 4 2018-19"]
[Site "Quebec CAN"]
[Date "2019.01.31"]
[Round "4"]
[White "Sarra-Bournet, Marc"]
[Black "Sauve, Richard"]
[Result "1-0"]
[WhiteElo "1905"]
[BlackElo "1810"]
[PlyCount "113"]
[EventDate "2019.01.10"]
[EventType "swiss"]
[EventRounds "5"]
[EventCountry "CAN"]

1. e4 e6 2. d4 d5 3. Nd2 Nf6 4. e5 Nfd7 5. Bd3 c5 6. c3 Nc6 7. Ne2 cxd4 8. cxd4
f6 9. exf6 Nxf6 10. O-O Bd6 11. Nf3 O-O 12. Bg5 Qb6 13. Ng3 Kh8 14. Bxf6 gxf6
15. Qd2 Nxd4 16. Nh4 Qc7 17. Qh6 Kg8 18. Rac1 Qg7 19. Qe3 e5 20. Nhf5 Bxf5 21.
Nxf5 Nxf5 22. Bxf5 d4 23. Qe4 Kh8 24. f4 Qe7 25. Rf3 Rg8 26. Rh3 Rg7 27. Kh1
Rd8 28. Rd1 Qc7 29. Rh6 Rf8 30. Qd3 Re7 31. Be4 Qd7 32. Bf5 Qc7 33. Qb1 Rg7 34.
Rc1 Qe7 35. Qd3 e4 36. Qf1 d3 37. Rd1 Bb4 38. a3 Ba5 39. b4 Bb6 40. Qe1 Re8 41.
Qc3 Rxg2 42. Rxh7+ Qxh7 43. Bxh7 Rc2 44. Qxf6+ Kxh7 45. Qf7+ Kh6 46. Qxe8 d2
47. Qxe4 Rc1 48. Qe2 Rxd1+ 49. Qxd1 Be3 50. Kg2 Bxf4 51. h3 Bg5 52. Qg4 Bf6 53.
Qf4+ Bg5 54. Qd4 Kg6 55. Kf3 Kh5 56. Ke2 Bh6 57. Qxa7 1-0

[Event "Montcalm 4 2018-19"]
[Site "Quebec CAN"]
[Date "2019.02.07"]
[Round "5"]
[White "Auger, Bertrand"]
[Black "Sarra-Bournet, Marc"]
[Result "1-0"]
[WhiteElo "1891"]
[BlackElo "1905"]
[PlyCount "89"]
[EventDate "2019.01.10"]
[EventType "swiss"]
[EventRounds "5"]
[EventCountry "CAN"]

1. Nf3 d5 2. g3 Nf6 3. Bg2 e6 4. O-O Be7 5. c4 d4 6. b4 O-O 7. Bb2 c5 8. b5 a5
9. e3 dxe3 10. fxe3 Nbd7 11. Qe2 Nb6 12. a4 Ne8 13. d4 Qc7 14. Nbd2 Nd7 15. Ne5
f6 16. Nd3 Nd6 17. Nf4 Nb8 18. Rac1 g5 19. Nd3 cxd4 20. exd4 Nf5 21. c5 Qd8 22.
Qf2 e5 23. d5 Qe8 24. Ne4 Nh6 25. d6 Bd8 26. Nc3 Nd7 27. Nd5 e4 28. Rfe1 f5 29.
Qd4 Qg6 30. Ne7+ Bxe7 31. dxe7 Re8 32. Ne5 Nxe5 33. Qxe5 Kf7 34. Bf1 Rxe7 35.
Bc4+ Be6 36. Bxe6+ Rxe6 37. Qd5 Rae8 38. Qxb7+ R8e7 39. Qd5 Ng4 40. c6 Rc7 41.
b6 Rc8 42. Qd7+ Re7 43. Qxc8 Ne5 44. Bxe5 Rxe5 45. b7 1-0

[Event "Montcalm 4 2018-19"]
[Site "Quebec CAN"]
[Date "2019.02.07"]
[Round "5"]
[White "Boissinot, Claude"]
[Black "Genest, Dominic"]
[Result "1-0"]
[WhiteElo "1493"]
[BlackElo "1719"]
[PlyCount "65"]
[EventDate "2019.01.10"]
[EventType "swiss"]
[EventRounds "5"]
[EventCountry "CAN"]

1. e4 c5 2. d4 cxd4 3. c3 d3 4. Bxd3 Nc6 5. Nf3 d5 6. exd5 Qxd5 7. c4 Qh5 8.
Nc3 Nf6 9. O-O Bg4 10. Be2 e5 11. Nb5 Rc8 12. Be3 e4 13. Nfd4 Nxd4 14. Nxd4 Bd6
15. h3 Bxe2 16. Nxe2 Bb8 17. Qa4+ Nd7 18. Rad1 O-O 19. Nc3 Qe5 20. g3 Nc5 21.
Bxc5 Rxc5 22. Rd5 Rxd5 23. cxd5 e3 24. f4 Qh5 25. Kg2 f5 26. Re1 Re8 27. Qd7 e2
28. Kf2 a6 29. Rxe2 Ba7+ 30. Ke1 Rxe2+ 31. Nxe2 Qf7 32. Qc8+ Qf8 33. Qxb7 1-0

[Event "Montcalm 4 2018-19"]
[Site "Quebec CAN"]
[Date "2019.02.07"]
[Round "5"]
[White "Fecteau, Martin"]
[Black "Cournoyer, Dominic"]
[Result "1/2-1/2"]
[WhiteElo "1933"]
[BlackElo "1973"]
[PlyCount "96"]
[EventDate "2019.01.10"]
[EventType "swiss"]
[EventRounds "5"]
[EventCountry "CAN"]

1. d4 g6 2. c4 Bg7 3. g3 Nf6 4. Bg2 O-O 5. Nf3 d6 6. O-O c5 7. d5 Nbd7 8. Qc2
a6 9. a4 Rb8 10. Na3 Ng4 11. h3 Nge5 12. Nxe5 Nxe5 13. f4 Nd7 14. Bd2 Qb6 15.
Bc3 Bxc3 16. bxc3 Nf6 17. Nb1 Qc7 18. Nd2 Bd7 19. Rfb1 b5 20. cxb5 axb5 21.
axb5 Bxb5 22. c4 Bd7 23. Qc3 Rxb1+ 24. Rxb1 Rb8 25. Rxb8+ Qxb8 26. e4 Qb4 27.
Qe3 Qb2 28. e5 Ne8 29. e6 fxe6 30. dxe6 Qc1+ 31. Kh2 Ba4 32. f5 Nf6 33. fxg6
hxg6 34. Qd3 Qc2 35. Qxc2 Bxc2 36. g4 Kg7 37. Kg3 Ne8 38. Kf4 Nc7 39. Bd5 Kf6
40. g5+ Kg7 41. Ne4 Bb1 42. Ke3 Bc2 43. h4 Bb1 44. Kf4 Bd3 45. Ke3 Bf1 46. Nf2
Kh7 47. Kf4 Kg8 48. Ke3 Kg7 1/2-1/2

[Event "Montcalm 4 2018-19"]
[Site "Quebec CAN"]
[Date "2019.02.07"]
[Round "5"]
[White "Labrecque, Rejean"]
[Black "Dube, Daniel"]
[Result "1-0"]
[WhiteElo "1857"]
[BlackElo "1843"]
[PlyCount "135"]
[EventDate "2019.01.10"]
[EventType "swiss"]
[EventRounds "5"]
[EventCountry "CAN"]

1. d4 g6 2. e4 Bg7 3. Nf3 d6 4. Be2 b6 5. O-O Bb7 6. Nc3 e6 7. Bg5 Ne7 8. Qd2
h6 9. Be3 a6 10. Rad1 Nd7 11. h3 g5 12. Nh2 e5 13. dxe5 dxe5 14. Bg4 Nf6 15.
Qe2 Qb8 16. Qd2 O-O 17. Bf3 Rd8 18. Qe2 Ng6 19. Rxd8+ Qxd8 20. Rd1 Qe8 21. Ng4
Nxg4 22. Bxg4 Nf4 23. Qd2 Bc6 24. Bd7 Bxd7 25. Qxd7 Rc8 26. Qxe8+ Rxe8 27. Rd7
Rc8 28. Bxf4 exf4 29. Nd5 Kf8 30. Rxc7 Re8 31. c3 Rxe4 32. Rc8+ Re8 33. Rxe8+
Kxe8 34. Nxb6 Ke7 35. Kf1 Kd6 36. Nc4+ Kc5 37. Nd2 a5 38. Ke2 a4 39. Kd3 f5 40.
b3 h5 41. Nf3 g4 42. hxg4 fxg4 43. Ng5 Kd5 44. c4+ Ke5 45. Ne4 h4 46. Nd2 Bf8
47. bxa4 Bc5 48. Ke2 Kd4 49. a5 Ba7 50. a6 Bb8 51. Kf1 Kd3 52. c5 h3 53. gxh3
gxh3 54. Nf3 Ke4 55. c6 Kxf3 56. Kg1 Ba7 57. c7 Bxf2+ 58. Kh1 Be3 59. c8=Q Kg3
60. Qg8+ Kf2 61. Qg1+ Kf3 62. Qf1+ Kg3 63. Qe1+ Kf3 64. Kh2 Kg4 65. Qe2+ Kh4
66. Qf3 Kg5 67. Kxh3 Kf5 68. Kg2 1-0

[Event "Montcalm 4 2018-19"]
[Site "Quebec CAN"]
[Date "2019.02.07"]
[Round "5"]
[White "Perreault, Jacquelin"]
[Black "Dumont, Eric"]
[Result "1/2-1/2"]
[WhiteElo "1756"]
[BlackElo "1691"]
[PlyCount "174"]
[EventDate "2019.01.10"]
[EventType "swiss"]
[EventRounds "5"]
[EventCountry "CAN"]

1. e4 c6 2. d4 d5 3. Nd2 dxe4 4. Nxe4 Bf5 5. Ng3 Bg6 6. h4 h6 7. h5 Bh7 8. Nf3
Nf6 9. Bd3 Bxd3 10. Qxd3 e6 11. Bd2 Nbd7 12. O-O-O Nd5 13. Kb1 Bb4 14. Bxb4
Nxb4 15. Qb3 a5 16. a3 Nd5 17. Ne4 N7b6 18. g4 a4 19. Qd3 Nf4 20. Qd2 Qc7 21.
Ne5 Nfd5 22. g5 O-O-O 23. g6 f5 24. Nc5 Rde8 25. Qa5 Kb8 26. Nxa4 Nxa4 27. Qxa4
Re7 28. Rh3 Rc8 29. c4 Nf6 30. f4 Ne4 31. Rb3 Nd6 32. Qb4 Rce8 33. Qb6 Qxb6 34.
Rxb6 Ka7 35. Rb3 Ne4 36. Kc2 Nf6 37. Rh3 Rd8 38. b4 Ne4 39. Rh2 Nd6 40. d5 exd5
41. cxd5 Nb5 42. d6 Rxd6 43. Rxd6 Nxd6 44. Rd2 Ne4 45. Rd3 Nf6 46. Rh3 Nd5 47.
Nd3 Re4 48. Rf3 Re2+ 49. Kb3 Rh2 50. Nc5 Rxh5 51. Ne6 Rh1 52. Nxg7 Ne7 53. Ne6
Re1 54. Nf8 Rg1 55. Rh3 Nxg6 56. Nxg6 Rxg6 57. Rh5 Rf6 58. Kc4 Kb6 59. Kd4 Rd6+
60. Ke5 Rd5+ 61. Kf6 Kb5 62. Rxf5 h5 63. Rxd5+ cxd5 64. Kg5 Kc6 65. Kxh5 d4 66.
Kg4 Kd5 67. Kf3 Kc4 68. Ke2 d3+ 69. Kd2 Kd4 70. f5 Ke5 71. a4 Kxf5 72. Kxd3 Ke5
73. Kc4 Kd6 74. a5 Kc7 75. Kc5 Kc8 76. Kd6 Kb8 77. b5 Kc8 78. Kd5 Kd7 79. b6
Kc8 80. Ke6 Kd8 81. Kd6 Kc8 82. Kc5 Kb8 83. Kb5 Ka8 84. a6 Kb8 85. axb7 Kxb7
86. Kc5 Kb8 87. Kc6 Kc8 1/2-1/2

[Event "Montcalm 4 2018-19"]
[Site "Quebec CAN"]
[Date "2019.02.07"]
[Round "5"]
[White "Sauve, Richard"]
[Black "Dube, Dominic"]
[Result "1-0"]
[WhiteElo "1810"]
[BlackElo "1770"]
[PlyCount "63"]
[EventDate "2019.01.10"]
[EventType "swiss"]
[EventRounds "5"]
[EventCountry "CAN"]

1. d4 c6 2. c4 d5 3. e3 e6 4. Nf3 Nf6 5. Nc3 Nbd7 6. Qc2 Be7 7. Bd3 dxc4 8.
Bxc4 b5 9. Bd3 a6 10. O-O Bb7 11. Bd2 c5 12. Ne4 c4 13. Nxf6+ Nxf6 14. Be2 g5
15. h3 Qd5 16. b3 cxb3 17. Qxb3 Qd8 18. Bb4 Bd5 19. Bxe7 Qxe7 20. Qb2 g4 21.
hxg4 Nxg4 22. a3 Qd6 23. Qb4 Qb8 24. Rfc1 Bxf3 25. Bxf3 Qh2+ 26. Kf1 Qh4 27. g3
Qh3+ 28. Ke2 Rd8 29. Bc6+ Rd7 30. Qd6 f6 31. Bxd7+ Kf7 32. Qxe6+ 1-0

[Event "Montcalm 5 2018-19"]
[Site "Quebec CAN"]
[Date "2019.02.14"]
[Round "1"]
[White "Cummins, Paul"]
[Black "Gaulin, Gaetan"]
[Result "0-1"]
[WhiteElo "1719"]
[BlackElo "1973"]
[PlyCount "38"]
[EventDate "2019.02.14"]
[EventType "swiss"]
[EventRounds "5"]
[EventCountry "CAN"]

1. e4 c6 2. d4 d5 3. Nc3 dxe4 4. Nxe4 Nd7 5. Nf3 Ngf6 6. Ng3 e6 7. Bg5 Qb6 8.
Bd3 Bd6 9. Qe2 O-O 10. O-O-O Qc7 11. Ne4 Bf4+ 12. Kb1 Bxg5 13. Nexg5 c5 14. g4
Nb6 15. dxc5 Qxc5 16. Ne5 h6 17. h4 Na4 18. Ngf3 Qb4 19. Qd2 Qxb2# 0-1

[Event "Montcalm 5 2018-19"]
[Site "Quebec CAN"]
[Date "2019.02.14"]
[Round "1"]
[White "Desbiens, Raphael"]
[Black "Dube, Dominic"]
[Result "1-0"]
[WhiteElo "2201"]
[BlackElo "1774"]
[PlyCount "69"]
[EventDate "2019.02.14"]
[EventType "swiss"]
[EventRounds "5"]
[EventCountry "CAN"]

1. e4 c6 2. d4 d5 3. Nc3 dxe4 4. Nxe4 Bf5 5. Ng3 Bg6 6. h4 h6 7. Nf3 Nd7 8. h5
Bh7 9. Bd3 Bxd3 10. Qxd3 e6 11. Bd2 Ngf6 12. O-O-O Qb6 13. c4 O-O-O 14. Qc3 c5
15. Rh4 cxd4 16. Nxd4 Bc5 17. Be3 Ne5 18. Nc2 Bxe3+ 19. Nxe3 Rxd1+ 20. Nxd1 Qc7
21. Kb1 Neg4 22. Rxg4 Nxg4 23. Qxg7 Qe5 24. Qxg4 Rd8 25. Kc2 Qa5 26. Nc3 Qc5
27. Qe2 Rd4 28. Nge4 Qf5 29. Nb5 Rd7 30. Nxa7+ Kb8 31. Nb5 Qe5 32. Qe3 b6 33.
Qxb6+ Ka8 34. Qc6+ Rb7 35. Nc5 1-0

[Event "Montcalm 5 2018-19"]
[Site "Quebec CAN"]
[Date "2019.02.14"]
[Round "1"]
[White "Dumont, Eric"]
[Black "Auger, Bertrand"]
[Result "0-1"]
[WhiteElo "1675"]
[BlackElo "1896"]
[PlyCount "58"]
[EventDate "2019.02.14"]
[EventType "swiss"]
[EventRounds "5"]
[EventCountry "CAN"]

1. d4 Nf6 2. Bf4 g6 3. e3 Bg7 4. c4 O-O 5. Nf3 d6 6. Nc3 Nh5 7. Bg5 c5 8. Be2
Nc6 9. Qd2 Bg4 10. d5 Bxf3 11. gxf3 Na5 12. e4 Re8 13. Rb1 b6 14. Qd3 Be5 15.
Bf1 Bf4 16. h4 h6 17. Bxf4 Nxf4 18. Qc2 e5 19. Ne2 Qf6 20. Nxf4 Qxf4 21. Qc3 f5
22. Qe3 fxe4 23. fxe4 Rf8 24. b3 Rf6 25. Rb2 Raf8 26. Bh3 Kg7 27. Be6 h5 28.
Re2 Nb7 29. Qg3 Qc1# 0-1

[Event "Montcalm 5 2018-19"]
[Site "Quebec CAN"]
[Date "2019.02.14"]
[Round "1"]
[White "Fecteau, Martin"]
[Black "Genest, Dominic"]
[Result "1-0"]
[WhiteElo "1951"]
[BlackElo "1681"]
[PlyCount "69"]
[EventDate "2019.02.14"]
[EventType "swiss"]
[EventRounds "5"]
[EventCountry "CAN"]

1. d4 d5 2. c4 e6 3. Nf3 Nf6 4. g3 c6 5. Bg2 Be7 6. O-O Nbd7 7. Qc2 Qc7 8. b3
O-O 9. Bb2 Re8 10. Nbd2 Nf8 11. Ne5 N6d7 12. f4 Nxe5 13. fxe5 Qb6 14. c5 Qc7
15. Nf3 Ng6 16. h4 f5 17. exf6 Bxf6 18. h5 Nf8 19. Ne5 Nd7 20. Qc3 Nxe5 21.
dxe5 Bg5 22. Qf3 Qe7 23. Bd4 Bd7 24. Qg4 Rf8 25. Rf3 Rf5 26. e4 Rxf3 27. Bxf3
Rf8 28. Be2 Be8 29. Rf1 Rxf1+ 30. Kxf1 g6 31. exd5 exd5 32. Qc8 Qf7+ 33. Kg2
gxh5 34. e6 Qg6 35. Bd3 1-0

[Event "Montcalm 5 2018-19"]
[Site "Quebec CAN"]
[Date "2019.02.14"]
[Round "1"]
[White "Labrecque, Rejean"]
[Black "Lescarbeau, Martin"]
[Result "0-1"]
[WhiteElo "1811"]
[BlackElo "1722"]
[PlyCount "106"]
[EventDate "2019.02.14"]
[EventType "swiss"]
[EventRounds "5"]
[EventCountry "CAN"]

1. d4 Nf6 2. c4 e6 3. a3 c5 4. d5 exd5 5. cxd5 d6 6. Nc3 g6 7. Nf3 Bg7 8. e3
O-O 9. Bd3 a6 10. O-O b5 11. e4 Nbd7 12. Ne2 Re8 13. Ng3 c4 14. Bc2 h5 15. Re1
Ng4 16. h3 Nge5 17. Nxe5 Nxe5 18. f4 Qh4 19. Nf1 Nd7 20. Qd2 Nc5 21. Qf2 Bd4
22. Be3 Qxf2+ 23. Bxf2 Bxb2 24. Ra2 Bc3 25. Re3 Bd4 26. Re2 Bxf2+ 27. Kxf2 Ra7
28. Ra1 Rae7 29. Rae1 Bb7 30. Nd2 a5 31. Re3 c3 32. Nb3 Nxb3 33. Bxb3 b4 34.
axb4 axb4 35. e5 Rd8 36. e6 fxe6 37. Rxe6 Rxe6 38. dxe6 d5 39. e7 Re8 40. Ba4
Kf7 41. Bxe8+ Kxe8 42. Ke3 Ba6 43. Kd4 Bc4 44. g4 c2 45. f5 gxf5 46. gxf5 Bb5
47. f6 Kf7 48. Rc1 b3 49. Kc3 Ba4 50. Kb2 d4 51. Ra1 d3 52. Rxa4 d2 53. Ra8
c1=Q+ 0-1

[Event "Montcalm 5 2018-19"]
[Site "Quebec CAN"]
[Date "2019.02.14"]
[Round "1"]
[White "Lapierre, Gaetan"]
[Black "Drolet, Stephane"]
[Result "0-1"]
[WhiteElo "1737"]
[BlackElo "2021"]
[PlyCount "52"]
[EventDate "2019.02.14"]
[EventType "swiss"]
[EventRounds "5"]
[EventCountry "CAN"]

1. e4 c6 2. d4 g6 3. c4 d5 4. cxd5 cxd5 5. e5 Nc6 6. Nc3 Nh6 7. Nf3 Bg7 8. Be2
O-O 9. h3 Be6 10. O-O f6 11. exf6 exf6 12. Bd2 Nf5 13. Bf4 Rc8 14. Re1 Bf7 15.
Qd2 Nd6 16. Rad1 Ne4 17. Qe3 f5 18. Nxe4 dxe4 19. Bh6 Bxh6 20. Qxh6 exf3 21.
Bxf3 Re8 22. Rxe8+ Qxe8 23. Qd2 Rd8 24. Re1 Qd7 25. d5 a5 26. Qe2 Nd4 0-1

[Event "Montcalm 5 2018-19"]
[Site "Quebec CAN"]
[Date "2019.02.14"]
[Round "1"]
[White "Marquis, Paul"]
[Black "Perreault, Jacquelin"]
[Result "1-0"]
[WhiteElo "1980"]
[BlackElo "1730"]
[PlyCount "45"]
[EventDate "2019.02.14"]
[EventType "swiss"]
[EventRounds "5"]
[EventCountry "CAN"]

1. c4 f5 2. Nc3 Nf6 3. g3 e6 4. Bg2 c6 5. Nf3 d5 6. cxd5 cxd5 7. e3 Nc6 8. O-O
Bd7 9. a3 Bd6 10. b4 O-O 11. Bb2 Rc8 12. Qb3 Qe8 13. Ne2 a6 14. Nf4 Kh8 15.
Rac1 e5 16. Nxd5 Be6 17. Nxf6 Rxf6 18. Qd1 Rh6 19. Ng5 f4 20. Nxe6 Qxe6 21.
exf4 exf4 22. d4 Rf8 23. d5 1-0

[Event "Montcalm 5 2018-19"]
[Site "Quebec CAN"]
[Date "2019.02.21"]
[Round "2"]
[White "Auger, Bertrand"]
[Black "Desbiens, Raphael"]
[Result "1/2-1/2"]
[WhiteElo "1896"]
[BlackElo "2201"]
[PlyCount "131"]
[EventDate "2019.02.14"]
[EventType "swiss"]
[EventRounds "5"]
[EventCountry "CAN"]

1. Nf3 Nf6 2. g3 d5 3. Bg2 c5 4. O-O Nc6 5. d4 e6 6. c4 Be7 7. cxd5 exd5 8. Nc3
O-O 9. dxc5 Bxc5 10. Na4 Be7 11. Be3 Ne4 12. Rc1 Bf6 13. Nd4 Nxd4 14. Bxd4 Be6
15. Nc5 Nxc5 16. Rxc5 b6 17. Rc2 Be7 18. a3 Qd7 19. Re1 Rfd8 20. b4 Qb5 21. Qa1
Bf8 22. e3 Rac8 23. Rec1 Rxc2 24. Rxc2 a5 25. Bf1 Qa4 26. Rc7 axb4 27. axb4
Qxa1 28. Bxa1 Bxb4 29. Bd4 Rb8 30. Bb5 Kf8 31. Kg2 f6 32. h4 Be7 33. Kf3 Bd8
34. Rc1 Ke7 35. Ra1 Kd6 36. Ke2 Bd7 37. Bd3 h6 38. Bc3 b5 39. Bb4+ Ke6 40. g4
Bc6 41. Bf5+ Kf7 42. Ra7+ Rb7 43. Ra8 Be7 44. Bxe7 Kxe7 45. Rg8 Kd6 46. Bc2 b4
47. Bb3 Bb5+ 48. Kd2 Bc4 49. Kc2 Ra7 50. Rd8+ Ke7 51. Rb8 Rc7 52. Rxb4 Bxb3+
53. Kxb3 Ke6 54. f4 g5 55. Rb6+ Kf7 56. hxg5 hxg5 57. fxg5 fxg5 58. Rd6 Rc5 59.
Kb4 Rc4+ 60. Kb3 Rxg4 61. Rxd5 Ke6 62. Rd8 Re4 63. Kc2 Kf5 64. Kd2 Re6 65. Ke2
g4 66. Kf2 1/2-1/2

[Event "Montcalm 5 2018-19"]
[Site "Quebec CAN"]
[Date "2019.02.21"]
[Round "2"]
[White "Drolet, Stephane"]
[Black "Sauve, Richard"]
[Result "1-0"]
[WhiteElo "2021"]
[BlackElo "1890"]
[PlyCount "111"]
[EventDate "2019.02.14"]
[EventType "swiss"]
[EventRounds "5"]
[EventCountry "CAN"]

1. Nf3 d5 2. c4 e6 3. g3 c6 4. Bg2 Bd6 5. O-O Nf6 6. Qc2 O-O 7. d4 b6 8. Nbd2
Bb7 9. e4 dxe4 10. Nxe4 Nxe4 11. Qxe4 Nd7 12. Be3 Nf6 13. Qc2 Qe7 14. Rfe1 Rac8
15. Nh4 Ng4 16. Bd2 Qc7 17. Bh3 Nf6 18. Bc3 Be7 19. Rad1 Rcd8 20. b4 Rfe8 21.
Ng2 c5 22. dxc5 bxc5 23. b5 Rxd1 24. Rxd1 Rd8 25. Ne3 Bf3 26. Rxd8+ Qxd8 27.
Bg2 Bxg2 28. Nxg2 Qa8 29. Qd3 Qe4 30. Ne1 Qxd3 31. Nxd3 Nd7 32. Ba5 Bd6 33. f4
Kf8 34. Kf2 Ke7 35. Kf3 Bb8 36. a4 Kd6 37. Bc3 f6 38. a5 Bc7 39. g4 h6 40. h4
Ke7 41. Ke4 Bb8 42. h5 Bc7 43. f5 Kd6 44. Nf4 exf5+ 45. gxf5 Ne5 46. Bxe5+ fxe5
47. Ne6 Bxa5 48. Nxg7 Bd8 49. f6 Bxf6 50. Nf5+ Ke6 51. Nxh6 Bg5 52. Ng4 Bf6 53.
Nxf6 Kxf6 54. h6 Kg6 55. Kxe5 Kxh6 56. Kd6 1-0